Softvérové platformy v cestovnom ruchu bakalárska práca

Enregistré dans:
Détails bibliographiques
Auteur principal: Repaská, Mária
Collectivité auteur: Obchodná fakulta EU. Katedra služieb a cestovného ruchu - zrušené
Autres auteurs: Fodranová, Iveta, 1959-
Format: Livre
Langue:slovaque
Publié: Bratislava 2020
Tags: Ajouter un tag
Pas de tags, Soyez le premier à ajouter un tag!

MARC

LEADER 00000nbm a2200000 4500
001 0266502
005 20201007095715.0
041 0 |a slo 
044 |a SK 
245 1 0 |a Softvérové platformy v cestovnom ruchu  |b bakalárska práca  |c Mária Repaská ; školiteľ: Iveta Fodranová 
264 1 |a Bratislava  |c 2020 
300 |a 53 s. 
100 1 |a Repaská, Mária 
700 1 |a Fodranová, Iveta, 1959- 
710 2 |a Obchodná fakulta EU. Katedra služieb a cestovného ruchu - zrušené